| 000 | 00856nas a2200277 4500 | ||
|---|---|---|---|
| 001 | BR9704747 | ||
| 003 | BR-BrBNA | ||
| 005 | 20231205100544.0 | ||
| 007 | ta | ||
| 008 | 230509b bl.|||p| |||| 00| 00por d | ||
| 040 |
_aBR-BrBNA _bpor _cBiblioteca Nacional de Agricultura |
||
| 041 | _a(Pt) | ||
| 072 | _aL73 | ||
| 100 | 1 | _aFiorentin, L. | |
| 100 | 1 | _aJaenisch, F.R. | |
| 100 | 1 | _aFialho, F.B. | |
| 245 | 1 | _aEstudo da patogenicidade de Mycoplasma gallisepticum em ovos embrionados de galinha | |
| 650 | _aMicoplasmose | ||
| 650 | _aPatogenicidade | ||
| 650 | _aOvo | ||
| 650 | _aEmbriao | ||
| 650 | _aGalinha | ||
| 773 | 0 |
_tArquivos da Faculdade de Veterinaria da Universidade Federal do Rio Grande do Sul (Brazil) _xISSN 0101-5230 _g(1997), v. 25(1) p. 74-80 _wBR9704747 |
|
| 909 |
_a202311 _bLúcia _c55 _dLúcia Elande |
||
| 942 |
_2AGRIS _n0 _cANA |
||
| 999 |
_c156671 _d156671 |
||